Database systems with case studies / (Record no. 98279)

MARC details
000 -LEADER
fixed length control field 00642nam a22002057a 4500
005 - DATE AND TIME OF LATEST TRANSACTION
control field 20160119140442.0
010 ## - LCCN (DPL NO)
LC control number ENG-114485
020 ## - INTERNATIONAL STANDARD BOOK NUMBER
International Standard Book Number 9788120351455
Terms of availability 395.00
035 ## - SYSTEM CONTROL NUMBER
System control number EN-98017
037 ## - SOURCE OF ACQUISITION
Source of stock number/acquisition DBAD/PUB
082 ## - DEWEY DECIMAL CLASSIFICATION NUMBER
Classification number 005.74
100 ## - MAIN ENTRY--PERSONAL NAME
Personal name Bernard, Margaret
245 ## - TITLE STATEMENT
Title Database systems with case studies /
Statement of responsibility, etc by Margaret Bernard [and] Eshwar Bachu
260 ## - PUBLICATION, DISTRIBUTION, ETC. (IMPRINT)
Place of publication, distribution, etc Delhi
Name of publisher, distributor, etc PHI Learning
Date of publication, distribution, etc 2016
270 ## - ADDRESS
Address Rimjhim House, 111, Patparganj Industrial Estate
City Delhi
Postal code 110092
300 ## - PHYSICAL DESCRIPTION
Extent viii,212p. :
Dimensions 23cm(pbk)
Other physical details ill.
500 ## - GENERAL NOTE
General note Includes index
700 ## - ADDED ENTRY--PERSONAL NAME
Personal name Bachu, Eshwar
942 ## - ADDED ENTRY ELEMENTS (KOHA)
Source of classification or shelving scheme Dewey Decimal Classification
Item type English Books
Call number suffix BER
Classification part 005.74
Holdings
Withdrawn status Lost status Not for loan Collection code Home library Current library Date acquired Source of acquisition Cost, normal purchase price Full call number Barcode Copy number Cost, replacement price Koha item type
    Not For Loan Non-fiction D.B.Act.Division D.B.Act.Division 23/11/2015 DBAD/PUB 395.00 005.74 BER EN-98017 1 395.00 English Books

© Delhi Public Library
Hit Counter
free hit counter